000 00844nam a22002417a 4500
005 20240102153038.0
010 _a1516EN07 ENG-114946
020 _a9788131518670
_c675.00
035 _aEN-98478
035 _aB-610994-010
037 _bUBH/ven
_adpl
037 _bDBAD/PUB
082 _a338.5
100 _aMcEachern,William A.
_960549
245 0 0 _aMicro econ:
_ba South-Asian perspective/
_cby William A. McEachern [and] Simrit Kaur
260 _aDelhi
_bCengage Learninig
_c2013
270 _a418, F.I.E , Patparganj
_bDelhi
_e110092
300 _axiv, 550p. :
_c27cm(pbk)
_bcol.ill.
500 _aIncludes index
700 _aSimrit Kaur
_960550
942 _2ddc
_cEN
_mMCE
_h338.5
999 _c96075
_d96075